000 00531nam a2200181Ia 4500
008 090124s9999 xx 000 0 und d
082 _b124929
100 _aडांगळे अर्जुन
245 _a दलित विद्रोह
250 _a1
260 _c1991
300 _a130
600 _aडांगळे अर्जुन
630 _a दलित विद्रोह
700 _aडांगळे अर्जुन
730 _a दलित विद्रोह
942 _cBOOK
999 _c171016
_d171016